000 00295nam a22001337a 4500
008 180920b xxu||||| |||| 00| 0 eng d
020 _a9781591473169
041 _aeng
080 _a316
100 _a50
101 _aSOC
245 _aWomen And Victimization
_cWalker.R.W
942 _2udc
_cBK
999 _c48143
_d48143